00775nam a22001697a 450000500170000000800410001702000170005805000160007510000360009124500770012726000420020430000180024650000060026450503050027065000170057565000130059220231102151826.0150611s 2011sp a|||| |||| 00| 0 spa d a978849295694 aHF5651bS67 aSoriano, María Jesúseautor aIntroducción a la contabilidad y las finanzasc/ Maria Jesús Soriano aBarcelonab: Profit Editorialc, 2011 a287 páginas a  aEl resultado: beneficio o pérdida La tesorería El balance de situación Análisis patrimonial y financiero Análisis de la capital para generar beneficio Presupuestos y control presupuestario Calculo de costos Planificación financiera Investigaciones Financiaciones Valoración de empresas  aCONTABILIDAD aFINANZAS